00346nam a22001337a 4500003000400000005001700004008004100021040000700062041000800069082001700077100002500094245006200119260003100181OSt20241128152528.0210707s1999 xx 000 0 und d cAL aeng a 378.14 STAA aST ALOYSIUS COLLEGE. aSt. Aloysius college Mangalore: Annual Magazine 1998-1999 bSt Aloysisus Collegec1999